Statistiques concernant Les 100 français les plus influents de l'Histoire

Cliquez ici pour prendre le quiz!

Statistiques générales

  • Ce quiz a été pris 170 fois
  • Le résultat moyen est 30 sur 100

Statistiques - réponses

NuméroOccupationRéponse% Correct
1EmpereurNapoléon Ier
99%
19PrésidentCharles de Gaulle
94%
3RoiLouis XIV
94%
9ÉcrivainVictor Hugo
88%
11RoiLouis XVI
84%
12PhysicienneMarie Curie
84%
2EmpereurCharlemagne
80%
4ReineMarie-Antoinette d'Autriche
77%
16RoiLouis XV
76%
40PhysicienPierre Curie
74%
100ChimisteIrène Joliot-Curie
68%
13PeintreClaude Monet
62%
8ÉcrivainVoltaire
62%
53RoiClovis Ier
58%
41ÉcrivainÉmile Zola
58%
96RoiLouis IX
58%
50RoiLouis XIII
56%
18ÉcrivainMolière
56%
95PrésidentJacques Chirac
53%
44RoiHenri IV
52%
10ChimisteLouis Pasteur
50%
5PhilosopheRené Descartes
50%
34EmpereurNapoléon III
49%
87EmpereurLouis le Pieux
48%
35ChanteuseÉdith Piaf
46%
70RoiFrançois Ier
46%
21ÉcrivainJean-Paul Sartre
44%
58SculpteurAuguste Rodin
43%
52PeintreÉdouard Manet
41%
57CouturièreCoco Chanel
40%
29EmpereurNapoléon II
39%
39ÉcrivainCharles Baudelaire
38%
7MilitaireJeanne d'Arc
36%
31ChimisteAntoine Lavoisier
35%
73ActeurLouis de Funès
35%
6MathématicienBlaise Pascal
34%
17ÉcrivainAlbert Camus
33%
32ÉcrivainDenis Diderot
33%
93PrinceLouis XVII
33%
20ÉcrivainHonoré de Balzac
30%
81RoiCharles X
28%
88RoiHenri III
28%
27ÉcrivainAntoine de Saint-Exupéry
27%
91ReineCatherine de Médicis
27%
64IngénieurGustave Eiffel
27%
59MarquiseMadame de Pompadour
27%
86PeintrePierre-Auguste Renoir
27%
49PeintreEugène Delacroix
26%
43ÉcrivainGustave Flaubert
26%
82PoliticienMaximilien de Robespierre
26%
71ÉcrivainArthur Rimbaud
25%
98ImpératriceJoséphine de Beauharnais
24%
15PenseurMontesquieu
24%
47ÉcrivaineSimone de Beauvoir
24%
22ActeurAlain Delon
23%
38ÉcrivainAlexandre Dumas
23%
76ActeurJean-Paul Belmondo
23%
72RoiLouis-Philippe Ier
23%
77ÉgyptologueJean-François Champollion
21%
14ÉcrivainJules Verne
21%
28ActriceBrigitte Bardot
18%
56ÉcrivainMarcel Proust
18%
42ÉcrivainStendhal
18%
26PeintrePaul Cézanne
17%
80PeintreEdgar Degas
16%
23PeintreHenri Matisse
16%
24ArchitecteLe Corbusier
16%
45SaintMartin de Tours
16%
75ÉcrivainFrançois Rabelais
15%
51RoiPhilippe IV le Bel
15%
84PeintreJacques-Louis David
13%
33AstrologueNostradamus
13%
46RoiPépin le Bref
13%
65Homme d'ÉtatArmand Jean du Plessis de Richelieu
12%
55MilitaireCharles Martel
12%
61CompositeurGeorges Bizet
11%
36PeintrePaul Gauguin
11%
99PeintreGustave Courbet
9%
30PhilosopheAuguste Comte
6%
37SociologueÉmile Durkheim
6%
25ThéologienJean Calvin
6%
67PeintreJean-Auguste-Dominique Ingres
4%
89ComtesseMadame du Barry
4%
83PeintreMarc Chagall
4%
74PhilosopheMichel Foucault
4%
78PhilosopheHenri Bergson
3%
94HistorienPierre de Coubertin
3%
69ActriceSarah Bernhardt
3%
97PapeUrbain II
3%
62PhysicienAndré-Marie Ampère
2%
66ÉcrivainCharles Perrault
2%
60PhysicienHenri Becquerel
2%
90InventeurLouis Braille
1%
68ÉcrivainMilan Kundera
1%
63ÉcrivainRomain Rolland
1%
54PeintreVassily Kandinsky
1%
85CompositeurIgor Stravinsky
0%
92NaturalisteJean-Baptiste de Lamarck
0%
48ÉcrivainOctave Mirbeau
0%
79MathématicienPierre de Fermat
0%

Distribution des résultats

Percentile par nombre de réponses

% des personnes avec chaque résultat

Votre développement - résultats

Vous n’avez pas pris ce quiz